000 00323nam a22001337a 4500
008 181101b xxu||||| |||| 00| 0 eng d
020 _a9780495809951
041 _aeng
080 _210th
_a316
100 _a50
101 _aSOC
245 _aIntroduction to Social Work and Social Welfare
_cZastrow,Ch
942 _2udc
_cBK
999 _c51458
_d51458